[Event "Sant Miquel Olerdola op 15th"]
[Site "Sant Miquel Olerdola"]
[Date "2024.05.24"]
[Round "7"]
[White "Gomez Navais, Marcal"]
[Black "Borrellas Comellas, Josep"]
[Result "1-0"]
[WhiteElo "2092"]
[BlackElo "1868"]
[PlyCount "67"]
[EventDate "2024.04.12"]
[EventType "swiss"]
[EventRounds "8"]
[EventCountry "ESP"]
[SourceTitle "EXT 2025"]
[Source "ChessBase"]
[SourceDate "2024.10.14"]
[SourceVersion "1"]
[SourceVersionDate "2024.10.14"]
[SourceQuality "1"]

1. e4 e5 2. Nf3 Nc6 3. d4 exd4 4. Nxd4 Nf6 5. Nxc6 bxc6 6. e5 Nd5 7. c4 Bb4+ 8. Nd2 Nb6 9. Bd3 0-0 10. 0-0 d6 11. exd6 cxd6 12. a3 Bc5 13. Nb3 Nd7 14. Nxc5 Nxc5 15. Bc2 Qf6 16. Rb1 Bf5 17. Bxf5 Qxf5 18. Be3 Rfd8 19. Re1 a5 20. b4 axb4 21. axb4 Ne6 22. b5 d5 23. Bb6 Rdc8 24. bxc6 dxc4 25. Qd7 Qd3 26. Red1 Qe4 27. Ra1 Rab8 28. c7 Ra8 29. Rxa8 Qxa8 30. Qd8+ Nf8 31. Bc5 h6 32. Bxf8 Kh7 33. Bb4 Qa4 34. Qd7 1-0

[Event "Sant Miquel Olerdola op 15th"]
[Site "Sant Miquel Olerdola"]
[Date "2024.04.19"]
[Round "2"]
[White "Borrellas Comellas, Josep"]
[Black "Pautt Andrade, Jose Gregorio"]
[Result "0-1"]
[WhiteElo "1868"]
[BlackElo "2105"]
[PlyCount "106"]
[EventDate "2024.04.12"]
[EventType "swiss"]
[EventRounds "8"]
[EventCountry "ESP"]
[SourceTitle "EXT 2025"]
[Source "ChessBase"]
[SourceDate "2024.10.14"]
[SourceVersion "1"]
[SourceVersionDate "2024.10.14"]
[SourceQuality "1"]

1. e4 d6 2. d4 Nf6 3. Nc3 g6 4. Nf3 Bg7 5. Be2 0-0 6. 0-0 Bg4 7. h3 Bxf3 8. Bxf3 Nc6 9. Be3 e5 10. d5 Ne7 11. Qd2 Nd7 12. Bh6 f5 13. Bxg7 Kxg7 14. g3 h6 15. Kg2 Nf6 16. Rad1 Qd7 17. Qd3 Nh7 18. h4 Nf6 19. b3 Rf7 20. Rd2 Raf8 21. Re1 a6 22. a4 fxe4 23. Bxe4 Nxe4 24. Rxe4 Ng8 25. Re3 Rf5 26. Ne4 Nf6 27. Nxf6 R8xf6 28. f3 Qf7 29. Qe4 h5 30. c4 g5 31. hxg5 Rxg5 32. Qh4 Qg6 33. Re4 Qf5 34. Rf2 Rfg6 35. Qh3 Qxh3+ 36. Kxh3 Rxg3+ 37. Kh2 R3g5 38. Rc2 Rf6 39. Rc3 a5 40. c5 Kh6 41. b4 axb4 42. Rb3 Rf4 43. Rxf4 exf4 44. Rxb4 Rxd5 45. cxd6 cxd6 46. Rxb7 Rd2+ 47. Kg1 Kg5 48. Rg7+ Kh4 49. a5 Ra2 50. Rg6 Rxa5 51. Rxd6 Kg3 52. Rg6+ Kxf3 53. Kh2 Ke3 0-1

[Event "Martorell op 36th"]
[Site "Martorell"]
[Date "2018.09.29"]
[Round "3"]
[White "Gonzalez Rodriguez, Jorge Armando"]
[Black "Borrellas Comellas, Josep"]
[Result "1-0"]
[WhiteElo "2230"]
[BlackElo "1932"]
[PlyCount "98"]
[EventDate "2018.09.15"]
[EventType "swiss"]
[EventRounds "9"]
[EventCountry "ESP"]
[SourceTitle "CBM 189 Extra"]
[Source "ChessBase"]
[SourceDate "2019.05.31"]
[SourceVersion "1"]
[SourceVersionDate "2019.05.31"]
[SourceQuality "1"]

1. e4 e5 2. Nf3 Nc6 3. Bb5 Nf6 4. d3 d6 5. Bxc6+ bxc6 6. h3 h6 7. 0-0 Be7 8. Ne1 d5 9. Qe2 d4 10. f4 exf4 11. Bxf4 0-0 12. Nf3 Nh7 13. Nbd2 Ng5 14. Qf2 c5 15. Qg3 Nxf3+ 16. Nxf3 Kh7 17. Bxc7 Qe8 18. b3 Be6 19. Bd6 Qd7 20. Bxe7 Qxe7 21. Nh4 g6 22. Rf2 a5 23. a4 Rad8 24. Raf1 Qd6 25. Qxd6 Rxd6 26. g4 Kg7 27. Kh2 Bd7 28. Nf3 Rf6 29. Kg3 Bc8 30. h4 Re6 31. g5 h5 32. Nd2 Re7 33. Nc4 Ra7 34. Rf6 Be6 35. Ne5 Rc8 36. Nf3 Re8 37. Nd2 Ree7 38. Kf2 Bh3 39. Rc1 Re6 40. Rxe6 Bxe6 41. c3 Rb7 42. cxd4 cxd4 43. Rc5 Bxb3 44. Rxa5 Rb4 45. Rb5 Rxb5 46. axb5 Ba4 47. b6 Bc6 48. Nb3 f6 49. Nxd4 Bb7 1-0

[Event "ESP-22ch corr"]
[Site "AEAC email"]
[Date "2003.11.25"]
[Round "1.1"]
[White "Boada Llombart, Jorge"]
[Black "Borrellas Comellas, Josep"]
[Result "1-0"]
[WhiteElo "2343"]
[BlackElo "2200"]
[PlyCount "107"]
[EventDate "2003.11.25"]
[EventType "tourn (corr)"]
[EventRounds "12"]
[EventCountry "ESP"]
[SourceTitle "Telechess CBM 114"]
[Source "ChessBase"]
[SourceDate "2006.10.02"]
[SourceVersion "1"]
[SourceVersionDate "2006.10.02"]
[SourceQuality "1"]

1. e4 e5 2. Nf3 Nc6 3. Bb5 a6 4. Ba4 Nf6 5. 0-0 b5 6. Bb3 Be7 7. Re1 d6 8. c3 Bb7 9. d4 Na5 10. Bc2 c5 11. Nbd2 cxd4 12. cxd4 Rc8 13. a4 b4 14. Bd3 Nd7 15. Nf1 Bf6 16. Ng3 exd4 17. Nf5 Qb6 18. Bg5 Bxg5 19. Nxg5 g6 20. Nh6 f6 21. Ne6 Ke7 22. Nf4 Ne5 23. Nd5+ Bxd5 24. exd5 Kf8 25. f4 Nxd3 26. Qxd3 Rc7 27. Re6 Kg7 28. Rae1 Rf8 29. Re7+ Rxe7 30. Rxe7+ Kh8 31. f5 Qc5 32. fxg6 hxg6 33. Qxg6 d3+ 34. Kf1 Qc1+ 35. Re1 Qc7 36. Re3 Qg7 37. Qxd3 Qc7 38. Qg6 Qg7 39. Qxg7+ Kxg7 40. Nf5+ Kh7 41. Nxd6 Rd8 42. Re6 Nb3 43. Rxf6 Kg7 44. Re6 Nc5 45. Nf5+ Kf7 46. Rd6 Rh8 47. h4 Nxa4 48. g4 Rf8 49. Rxa6 Nxb2 50. g5 Nd3 51. Rf6+ Kg8 52. Rxf8+ Kxf8 53. d6 Ne5 54. Ke2 1-0

[Event "ESP-22ch corr"]
[Site "AEAC email"]
[Date "2003.11.25"]
[Round "1"]
[White "Borrellas Comellas, Josep"]
[Black "Espejo Hava, Francisco"]
[Result "1/2-1/2"]
[WhiteElo "2200"]
[BlackElo "2445"]
[PlyCount "107"]
[EventDate "2003.11.25"]
[EventType "tourn (corr)"]
[EventRounds "12"]
[EventCountry "ESP"]
[SourceTitle "Telechess CBM 114"]
[Source "ChessBase"]
[SourceDate "2006.10.02"]
[SourceVersion "1"]
[SourceVersionDate "2006.10.02"]
[SourceQuality "1"]

1. e4 e5 2. Nf3 Nc6 3. Bc4 Nf6 4. Ng5 d5 5. exd5 Na5 6. Bb5+ c6 7. dxc6 bxc6 8. Be2 h6 9. Nf3 e4 10. Ne5 Qc7 11. d4 exd3 12. Nxd3 Bd6 13. h3 0-0 14. 0-0 Bf5 15. b3 Rad8 16. Bb2 Nd5 17. Nc3 Nf4 18. Nxf4 Bxf4 19. Bd3 Nb7 20. Na4 Bxd3 21. cxd3 Rd5 22. Qf3 Nd8 23. Nc3 Rd7 24. Ne2 Ne6 25. Nxf4 Nxf4 26. d4 Rd5 27. Rfe1 Ne6 28. Rac1 Rfd8 29. a3 a5 30. Rc4 Qd6 31. Rec1 Rc8 32. Qe3 Qd7 33. Qe4 Re8 34. Re1 Rc8 35. Qg4 Rb8 36. Qf3 Qb7 37. Re3 Qd7 38. Kh2 Rbb5 39. Kh1 Rb8 40. Qg3 Rbb5 41. Qg4 Qd6 42. a4 Rb6 43. Qg3 Qd7 44. Kh2 Kh7 45. Re5 Qb7 46. Rxd5 cxd5 47. Rc3 Ng5 48. Rc7 Qb8 49. Rc5 Qxg3+ 50. fxg3 Rxb3 51. Rb5 Rxb5 52. axb5 Ne6 53. g4 Kg6 54. Kg3 1/2-1/2

[Event "ESP-22ch corr"]
[Site "AEAC email"]
[Date "2003.11.25"]
[Round "2"]
[White "Borrellas Comellas, Josep"]
[Black "Mercadal Benejam, Josep"]
[Result "1/2-1/2"]
[WhiteElo "2200"]
[BlackElo "2563"]
[PlyCount "66"]
[EventDate "2003.11.25"]
[EventType "tourn (corr)"]
[EventRounds "12"]
[EventCountry "ESP"]
[SourceTitle "Telechess CBM 114"]
[Source "ChessBase"]
[SourceDate "2006.10.02"]
[SourceVersion "1"]
[SourceVersionDate "2006.10.02"]
[SourceQuality "1"]

1. e4 e5 2. Nf3 Nc6 3. Bc4 Bc5 4. d3 Nf6 5. Nc3 d6 6. Na4 Bb6 7. c3 Be6 8. Nxb6 axb6 9. Bxe6 fxe6 10. 0-0 0-0 11. Re1 Qe8 12. Qd2 Nh5 13. Qg5 b5 14. Be3 b4 15. a3 bxc3 16. bxc3 Nf4 17. Bxf4 Rxf4 18. Qg3 Qh5 19. Qg5 Qf7 20. Qg3 b6 21. Re2 Rf8 22. Ne1 Qh5 23. Raa2 d5 24. f3 R8f6 25. Qf2 Rh6 26. h3 Qg5 27. Kh1 Rfh4 28. Kh2 Qf6 29. c4 Qf4+ 30. Qg3 Qf7 31. Nc2 dxc4 32. dxc4 Qf6 33. Ne1 Rg6 1/2-1/2

[Event "Barcelona Sants op 03rd"]
[Site "Barcelona"]
[Date "2001.??.??"]
[Round "?"]
[White "Borrellas Comellas, Josep"]
[Black "Cisneros Belenguer, Lucas"]
[Result "0-1"]
[WhiteElo "2102"]
[BlackElo "2301"]
[PlyCount "44"]
[EventDate "2001.08.??"]
[EventType "swiss"]
[EventRounds "9"]
[EventCountry "ESP"]
[SourceTitle "EXT 2005"]
[Source "ChessBase"]
[SourceDate "2004.11.15"]
[SourceVersion "1"]
[SourceVersionDate "2004.11.15"]
[SourceQuality "1"]

1. e4 e6 2. d4 d5 3. Nd2 Nf6 4. e5 Nfd7 5. Bd3 c5 6. c3 Nc6 7. Ne2 cxd4 8. cxd4 f6 9. exf6 Nxf6 10. Nf3 Bd6 11. 0-0 0-0 12. Bg5 Qc7 13. Nc3 a6 14. a3 g6 15. Re1 Ng4 16. h3 Bh2+ 17. Kf1 Nxf2 18. Kxf2 Qg3+ 19. Ke3 Rxf3+ 20. Qxf3 Qxg5+ 21. Kf2 Bd7 22. Qg4 Qd2+ 0-1

[Event "Banyoles op 3rd"]
[Site "Banyoles"]
[Date "2000.??.??"]
[Round "3"]
[White "Velicka, Petr"]
[Black "Borrellas Comellas, Josep"]
[Result "0-1"]
[WhiteElo "2464"]
[BlackElo "2103"]
[PlyCount "98"]
[EventDate "2000.08.05"]
[EventType "swiss"]
[EventRounds "9"]
[EventCountry "ESP"]
[SourceTitle "EXT 2001"]
[Source "ChessBase"]
[SourceDate "2000.11.22"]
[SourceVersion "1"]
[SourceVersionDate "2000.11.22"]
[SourceQuality "1"]

1. e4 e5 2. Nf3 Nc6 3. Bc4 Bc5 4. c3 Nf6 5. d3 d6 6. Nbd2 a6 7. Bb3 0-0 8. 0-0 Qe7 9. Nc4 b5 10. Ne3 Be6 11. Bc2 Bb6 12. a4 d5 13. Ng5 dxe4 14. Nxe6 Qxe6 15. dxe4 Rfd8 16. Qf3 Ne7 17. Rd1 Rxd1+ 18. Qxd1 Qc6 19. Qd3 Rb8 20. axb5 axb5 21. g3 h6 22. Bd2 Qd7 23. Qxd7 Nxd7 24. Kf1 Kf8 25. Ke2 Nc5 26. h4 h5 27. b4 Nd7 28. Bd3 c6 29. Nc2 Ke8 30. Ra6 Kd8 31. c4 bxc4 32. Bxc4 Ke8 33. Bb3 Nc8 34. Ba4 Na7 35. Na3 Ke7 36. Nc4 Nb5 37. Bxb5 cxb5 38. Na3 Bc7 39. Nc2 Nb6 40. Ne3 Kd7 41. f3 Ra8 42. Rxa8 Nxa8 43. g4 Bd8 44. gxh5 Bxh4 45. Bc3 Ke6 46. f4 exf4 47. Bxg7 fxe3 48. h6 Bf6 49. e5 Kxe5 0-1

[Event "Martorell op-A"]
[Site "Martorell"]
[Date "1997.??.??"]
[Round "3"]
[White "Borrellas Comellas, Josep"]
[Black "Roca Calaf, Jordi"]
[Result "1-0"]
[WhiteElo "2130"]
[BlackElo "2055"]
[PlyCount "58"]
[EventDate "1997.09.??"]
[EventType "swiss"]
[EventRounds "9"]
[EventCountry "ESP"]
[SourceTitle "EXT 2003"]
[Source "ChessBase"]
[SourceDate "2002.11.25"]
[SourceVersion "1"]
[SourceVersionDate "2002.11.25"]
[SourceQuality "1"]

1. e4 e5 2. Nf3 Nc6 3. Bc4 Bc5 4. d3 Nf6 5. Nc3 d6 6. Be3 Bb6 7. h3 Ne7 8. d4 exd4 9. Nxd4 0-0 10. 0-0 Nxe4 11. Nxe4 d5 12. Bd3 dxe4 13. Bxe4 f5 14. Bd3 f4 15. Qh5 Ng6 16. Rad1 fxe3 17. Bc4+ Kh8 18. Ne6 exf2+ 19. Kh2 Bxe6 20. Rxd8 Bxc4 21. Rdd1 Rae8 22. g3 Be2 23. Qd5 c6 24. Qd2 Bxd1 25. Qxd1 Ne7 26. c4 Nf5 27. b4 Ne3 28. Qb1 Nxf1+ 29. Qxf1 Re1 1-0